| 000 | 00833nam a2200217 a 4500 | ||
|---|---|---|---|
| 003 | 0 | ||
| 005 | 20250318140010.0 | ||
| 008 | 071127s19uu xx 00 eng d | ||
| 050 |
_aPGS LB 1028.5.M63 _b.An531 2007 |
||
| 100 | _aAn, Dong Ho. | ||
| 245 |
_aMobile phone use and performance of academic related tasks / _cDong Ho An. |
||
| 260 |
_aLas PiƱas City, Philippines : _bSouthville International School and Colleges, _c2007. |
||
| 300 |
_a48 pages : _billustrations ; _c28 cm. |
||
| 504 | _aIncludes bibliographical references. | ||
| 650 | _aCell phones in education. | ||
| 650 |
_aMobile communication systems _vSocial aspects. |
||
| 650 | _aTechnology and students. | ||
| 650 |
_aAcademic achievement _vTechnological innovations. |
||
| 650 |
_aEducation _vEffect of technological innovations on. |
||
| 942 |
_2lcc _cPASS |
||
| 999 |
_c97684 _d97684 |
||